Metodický postup spracovania akreditačného spisu v študijných odboroch 3.3.13 Finančný manažment a 3.3.16 Ekonomika a manažment podniku na FPM EU v Bratislave

Salvato in:
Dettagli Bibliografici
Autore principale: Markovič, Peter, 1974-
Ente Autore: Ekonomická univerzita v Bratislave. Fakulta podnikového manažmentu
Altri autori: Majtán, Miroslav, Lulkovičová, Ľudmila, 1951-, Majerník, Milan, 1952-, Szabo, Ľuboslav, Romanová, Anita, 1973-
Natura: Libro
Lingua:slovacco
Pubblicazione: Bratislava Vydavateľstvo EKONÓM 2014
Edizione:1. vyd.
Soggetti:
Tags: Aggiungi Tag
Nessun Tag, puoi essere il primo ad aggiungerne!!

MARC

LEADER 00000nlm a2200000 4500
001 0194811
005 20240502073250.9
020 |a 978-80-225-3877-0 
041 0 |a slo 
044 |a SK 
245 1 0 |a Metodický postup spracovania akreditačného spisu v študijných odboroch 3.3.13 Finančný manažment a 3.3.16 Ekonomika a manažment podniku na FPM EU v Bratislave  |c Peter Markovič, Miroslav Majtán, Ľudmila Lulkovičová ; recenzenti: Milan Majerník, Ľuboslav Szabo, Anita Romanová 
250 |a 1. vyd. 
264 1 |a Bratislava  |b Vydavateľstvo EKONÓM  |c 2014 
300 |a CD-ROM [5220 s., 260,7 AH] 
610 2 0 |a vzdelávanie 
610 2 0 |a vyučovanie 
610 2 0 |a školy vysoké 
610 2 0 |a odbory študijné 
610 2 0 |a metodika 
100 1 |a Markovič, Peter, 1974- 
700 1 |a Majtán, Miroslav 
700 1 |a Lulkovičová, Ľudmila, 1951- 
700 1 |a Majerník, Milan, 1952- 
700 1 |a Szabo, Ľuboslav 
700 1 |a Romanová, Anita, 1973- 
710 2 |a Ekonomická univerzita v Bratislave. Fakulta podnikového manažmentu